On Plato`s Timaeus Calcidius

Kaydedildi:
Detaylı Bibliyografya
Yazar: Platón (Yazar)
Materyal Türü: Kitap
Dil:İngilizce
Baskı/Yayın Bilgisi: Cambridge Harvard University Press 2016
Edisyon:1a. ed
Seri Bilgileri:Dumbarton Oaks Medieval Library
Konular:
Etiketler: Etiketle
Etiket eklenmemiş, İlk siz ekleyin!

MARC

LEADER 00000cam a2200000 a 4500
001 UCC6035
003 CL-VaPUC
008 181116e20160000us |||||||||||||||||eng|d
020 |a 9780674599178 
082 0 4 |a 184  |b PLA  |2 21 
100 0 |a Platón  |e author  |9 222 
245 1 0 |a On Plato`s Timaeus Calcidius 
250 |a 1a. ed 
300 |a 768 p 
942 |c BK 
945 |d 20181116 13:40:00  |a dcastane 
260 |a Cambridge  |b Harvard University Press  |c 2016 
650 0 |a Filosofía antigua   |9 255705 
650 7 |a COSMOLOGIA GRIEGA  |2 CL-VaPUC  |9 556403 
650 0 |a Metafísica  |9 265649 
650 7 |a HOMBRE  |2 CL-VaPUC  |9 262149 
650 0 |a Alma   |9 259008 
583 |a last modification  |c 20181116 13:40:00  |k Rodrigo Vera 
490 0 |a Dumbarton Oaks Medieval Library 
999 |c 373103  |d 373101 
952 |0 0  |1 0  |3 erd  |4 0  |6 184_000000000000000_PLA_2016  |7 0  |8 A  |9 491043  |a BIBEDU  |b BIBEDU  |i 5515238  |o 184 PLA 2016  |p 5515238  |r 2019-11-24  |w 2019-11-24  |y BK  |z Catalogado en:20181116  |k FIL